Nhân vật Ơgiêni Grăngđê của Banzăc - Gạch nối giữa chủ nghĩa lãng mạn và chủ nghĩa hiện thực

Những vấn đề chung về chủ nghĩa lãng mạn và chủ nghĩa hiện thực trong văn học Phương Tây thế kỉ XIX. Nhân vật Ơgiêni Grăngđê - Sự giao thoa giữa hai nguồn cảm hứng lãng mạn và hiện thực.

Wedi'i Gadw mewn:
Manylion Llyfryddiaeth
Prif Awdur: Phùng, Thị Bình
Awduron Eraill: Nguyễn, Kiều Trang Th.S (Hướng dẫn)
Fformat: Llyfr
Iaith:Vietnamese
Cyhoeddwyd: Đại học Đà Nẵng Trường Đại học Sư phạm 2009
Cyfres:Khóa luận tốt nghiệp Đại học. Chuyên ngành: Ngành Sư phạm Ngữ văn
Pynciau:
Tagiau: Ychwanegu Tag
Dim Tagiau, Byddwch y cyntaf i dagio'r cofnod hwn!
Thư viện lưu trữ: Mạng thư viện Đại học Đà Nẵng
LEADER 01609nam a2200349 4500
001 000011037
003 7265
005 20120111080130.0
008 120111s2009 viesd
041 |a vie 
072 |a Khóa luận tốt nghiệp 
082 |a 801  |b PH-B 
100 1 |a Phùng, Thị Bình 
245 1 |a Nhân vật Ơgiêni Grăngđê của Banzăc - Gạch nối giữa chủ nghĩa lãng mạn và chủ nghĩa hiện thực  |c Phùng, Thị Bình 
260 |a Đại học Đà Nẵng  |b Trường Đại học Sư phạm  |c 2009 
300 |a 67 tr.  |c 29 cm 
490 |a Khóa luận tốt nghiệp Đại học. Chuyên ngành: Ngành Sư phạm Ngữ văn 
500 |a Tài liệu tham khảo 66 tr. - 67 tr. 
520 |a Những vấn đề chung về chủ nghĩa lãng mạn và chủ nghĩa hiện thực trong văn học Phương Tây thế kỉ XIX. Nhân vật Ơgiêni Grăngđê - Sự giao thoa giữa hai nguồn cảm hứng lãng mạn và hiện thực. 
653 |a Khóa luận tốt nghiệp Đại học 
653 |a Khoa Ngữ văn 
700 1 |a Nguyễn, Kiều Trang  |c Th.S  |e Hướng dẫn 
OWN |a LSP 
AVA |a UDN50  |b LSP  |d 801 PH-B  |e available  |t Error 5001 Not defined in file expand_doc_bib_avail.  |f 1  |g 0  |h N  |i 0  |k 1 
999 |a From the UDN01 
AVA |a UDN50  |b LSP  |d 801 PH-B  |e available  |t Error 5001 Not defined in file expand_doc_bib_avail.  |f 1  |g 0  |h N  |i 0  |k 1 
TYP |a Monograph 
TYP |a Printed language 
980 |a Mạng thư viện Đại học Đà Nẵng